000 00647nam a2200229Ia 4500
003 OSt
005 20220918200923.0
006 a|||||r|||| 00| 0
007 ta
008 220917b |||||||| |||| 00| 0 eng d
024 _a90,832
037 _cTextual
040 _aARTS
_cARTS
_beng
041 _2eng
_aeng
082 _aU8:73:M5, J8
100 _aLewis Oscar
_996040
245 0 _aAutobiography of the west
_b Personal narratives of the discovery and settlement of the American west
260 _aNA
_bNA
_c1958
650 _aGEOGRAPHY
942 _hU8:73:M5, J8
_cTEXL
_2CC
999 _c214492
_d214492